LEADER 00956nam--2200349---450- 001 990001524290203316 005 20050623101230.0 035 $a000152429 035 $aUSA01000152429 035 $a(ALEPH)000152429USA01 035 $a000152429 100 $a20040323d1960----km-y0itay0103----ba 101 $aeng 102 $aUS 105 $a||||||||001yy 200 1 $a<> Search of Humanity ...$fAlfred COBBAN 210 $aNew York$cBraziller$d1960 215 $a254 p.$d21 cm 410 0$12001 454 1$12001 461 1$1001-------$12001 700 1$aCOBBAN,$bAlfred$0133604 801 0$aIT$bsalbc$gISBD 912 $a990001524290203316 951 $aII.1.C. 942(IV C 1581)$b33663 L.M.$cIV C 959 $aBK 969 $aUMA 979 $aSIAV9$b10$c20040323$lUSA01$h0959 979 $aPATRY$b90$c20040406$lUSA01$h1746 979 $aCOPAT3$b90$c20050623$lUSA01$h1012 996 $aSearch of Humanity ..$9939837 997 $aUNISA LEADER 01531nas 2200373 n 450 001 990008890560403321 005 20240229084250.0 011 $a1720-6030 035 $a000889056 035 $aFED01000889056 035 $a(Aleph)000889056FED01 035 $a000889056 091 $2CNR$aP 00035581 100 $a20161109b19461947km-y0itaa50------ba 101 0 $aita 102 $aIT 110 $aauu-------- 200 1 $aAllevamenti$erivista mensile di divulgazione tecnica economica della zootecnia 207 1$a1946-1947 210 $aMonza$cModernografica 326 $aMensile 440 0$12001$aAllevamenti nel mondo 530 0 $aAllevamenti 675 $a636 801 0$aIT$bACNP$c20090723 859 4 $uhttp://acnp.cib.unibo.it/cgi-ser/start/it/cnr/dc-p1.tcl?catno=24263&person=false&language=ITALIANO&libr=&libr_th=unina1$zBiblioteche che possiedono il periodico 901 $aSE 912 $a990008890560403321 958 $aBiblioteca Centralizzata. Facoltà di Agraria dell'Università Federico II di Napoli$b1946-1947.$fFAGBC 959 $aFAGBC 996 $aAllevamenti$9801967 997 $aUNINA AP1 8 $6866-01$aNA087 Biblioteca Centralizzata. Facoltà di Agraria dell'Università Federico II di Napoli$ev. Università, 100 Palazzo Reale, 80055 Portici (NA)$m081-2539322$m081-7760229$nit AP2 40$aacnp.cib.unibo.it$nACNP Italian Union Catalogue of Serials$uhttp://acnp.cib.unibo.it/cgi-ser/start/it/cnr/df-p.tcl?catno=24263&language=ITALIANO&libr=&person=&B=1&libr_th=unina&proposto=NO